Fc Valencia- Tous les joueurs de 2010 à 2025 - Statistiques

Statistiques générales
  • Ce quiz a été pris 85 fois
    26 depuis la dernière actualisation
  • Le résultat moyen est 49 sur 192
Statistiques - réponses
Saisons Nationalité Joueur Nombre
De Matchs
Poste % Correct
2011 - 2020 Espagne DaniParejo 383 M
89%
2012 - Espagne JoséGayà 378 D
78%
2018 - Guinée MouctarDiakhaby 190 D
78%
2017 - 2022 Portugal GonçaloGuedes 177 A
72%
2014 - 2020 Espagne Rodrigo 220 A
72%
2014 - 2016 Argentine RodrigoDe Paul 44 M
67%
2017 - 2024 Brésil GabrielPaulista 220 D
61%
2021 - 2025 Géorgie GiorgiMamardashvili 134 G
61%
2010 - 2016 Algérie SofianeFeghouli 202 A
61%
2016 - 2022 Espagne CarlosSoler 225 M
56%
2018 - 2022 Danemark DanielWass 151 D/M
56%
2022 - Espagne DiegoLópez 90 A
56%
2021 - Guadeloupe DimitriFoulquier 137 D
56%
2016 - 2020 Argentine EzequielGaray 114 D
56%
2017 - 2020 Espagne FerranTorres 97 A
56%
2017 - 2020 RépubliqueCentrafricaine GeoffreyKondogbia 104 M
56%
2018 - 2021 France KévinGameiro 120 A
56%
2015 - 20162018 - 2022 Russie DenysCheryshev 122 A
50%
2011 - 2017 Brésil DiegoAlves 176 G
50%
2005 - 20062008 - 2012 Espagne PabloHernández 158 M/A
50%
2024 - 2025 Espagne PabloLopez 1 A
50%
2015 - 2019 Espagne SantiMina 150 A
50%
2011 - 2014 France AdilRami 93 D
44%
2024 - 2025 Espagne DaniGomez 16 A
44%
2016 - 20172019 - 2021 France EliaquimMangala 54 D
44%
2021 - Espagne HugoDuro 141 A
44%
2015 - 2025 Espagne JaumeDoménech 122 G
44%
2014 - 2017 Portugal JoaoCancelo 91 D
44%
2009 - 2012 Espagne JordiAlba 110 D
44%
2007 - 2011 Espagne JuanMata 174 M
44%
2019 - 2022 Uruguay MaxiGómez 109 A
44%
2019 - Portugal ThierryCorreia 135 D
44%
2008 - 2011 Espagne CésarSánchez 78 G
39%
2019 - 2025 Espagne HugoGuillamón 146 M
39%
2021 - Espagne JaviGuerra 89 M
39%
2009 - 2014 France JérémyMathieu 177 D
39%
2018 - 2021 CoréeDu Sud Kang - InLee 61 M
39%
2014 - 2015 Argentine NicolásOtamendi 38 D
39%
2010 - 2013 Espagne RobertoSoldado 141 A
39%
2023 - 2024 Ukraine RomanYaremchuk 29 A
39%
2014 - 2016 Allemagne ShkodranMustafi 81 D
39%
2020 - 2023 États - Unis YunusMusah 108 M
39%
2021 - 2025 Colombie CristhianMosquera 90 D
33%
2022 - 2023 Uruguay EdinsonCavani 28 A
33%
2021 - 20232025 - Suisse ErayComert 34 D
33%
2020 - Espagne JesúsVázquez 78 D
33%
2015 - 2017 Australie MathewRyan 23 G
33%
2016 - 2017 Maroc MunirEl Haddadi 36 A
33%
2017 - 2019 Brésil Neto 80 G
33%
2011 - 2016 Argentine PabloPiatti 162 A
33%
2023 - Espagne Pepelu 78 M
33%
2022 - 2023 Brésil SamuelLino 41 A
33%
2011 - 2014 Espagne SergioCanales 58 M
33%
2016 - 2018 Italie SimoneZaza 59 A
33%
2010 - 2013 Argentine TinoCosta 115 M
33%
2014 - 2015 Espagne YoelRodríguez 6 G
33%
2019 - 2020 Italie AlessandroFlorenzi 28 D
28%
2014 - 2016 Espagne ÁlvaroNegredo 74 A
28%
2014 - 2016 Portugal AndréGomes 78 M
28%
2015 - 2017 Tunisie AymenAbdennour 43 D
28%
2022 - 2024 Turquie CenkOzkacar 46 D
28%
2021 - Espagne CésarTárrega 42 D
28%
2018 - 2022 Italie CristianoPiccini 51 D
28%
2024 - 2025 Argentine EnzoBarrenechea 33 M
28%
2014 - 2017 Argentine EnzoPérez 74 M
28%
2017 - 2020 France FrancisCoquelin 89 M
28%
2022 - 2025 Espagne FranPérez 77 A
28%
2021 - 2022 Angola HélderCosta 27 A
28%
2023 - 2024 Espagne HugoGonzalez 10 A
28%
2021 - 2023 Guinée IlaixMoriba 46 M
28%
2019 - 2022 Pays - Bas JasperCillessen 57 D
28%
2019 - 2020 Espagne JaumeCosta 26 D
28%
2017 - 2019 Colombie JeisonMurillo 20 D
28%
2022 - 2023 Pays - Bas JustinKluivert 29 A
28%
2024 - Espagne LuisRioja 39 A
28%
2007 - 2011 Portugal ManuelFernandes 83 M
28%
2016 - 2018 Espagne MartínMontoya 62 D
28%
2016 - 2017 Portugal Nani 26 A
28%
2022 - 2023 Espagne NicoGonzález 26 M
28%
2010 - 20122013 - 2016 Espagne PacoAlcácer 124 A
28%
2015 - 20172024 - 2025 Espagne RafaMir 30 A
28%
2010 - 2014 Portugal RicardoCosta 124 D
28%
2023 - 2024 Maroc SelimAmallah 22 M
28%
2017 - 2018 Brésil AndreasPereira 29 M
22%
2022 - Portugal AndréAlmeida 94 M
22%
2012 - 2014 Mexique AndrésGuardado 66 M
22%
1997 - 19981999 - 2013 Espagne DavidAlbelda 482 M
22%
2013 - 2014 Chili EduardoVargas 25 A
22%
2007 - 20082009 - 2014 Argentine ÉverBanega 185 M
22%
2012 - 2013 Argentine FernandoGago 18 M
22%
2010 - 2011 Espagne Isco 7 M
22%
2012 - 2015 Portugal JoaoPereira 75 D
22%
2010 - 2014 Brésil Jonas 157 A
22%
2011 - 2014 Espagne JuanBernat 74 D
22%
2017 - 2018 Argentine LucianoVietto 19 A
22%
2016 - 2017 Espagne MarioSuárez 24 M
22%
2024 - 2025 Angleterre Max Aarons 5 D
22%
2009 - 2011 Espagne Miguel ÁngelMoyá 24 G
22%
2021 - 2022 Paraguay OmarAlderete 34 D
22%
2014 -20152017 - 2018 Espagne RoberIbánez 6 A
22%
2012 - 2013 Espagne SalvaRuiz 1 D
22%
2022 - 2023 Espagne SamuCastillejo 26 A
22%
2023 - 2025 Espagne SergiCanos 53 A
22%
2024 - Macédoine Du Nord StoleDimitrievski 9 G
22%
2024 - 2025 Nigéria UmarSadiq 19 A
22%
2008 - 20092010 - 2014 Espagne VicenteGuaita 113 G
22%
2011 - 2014 Espagne VíctorRuiz 89 D
22%
2015 - 2017 Brésil AderllanSantos 42 D
17%
2022 - 2024 Espagne AlbertoMarí 24 A
17%
2012 - 2013 France AlyCissokho 36 D
17%
2010 - 2012 Espagne AritzAduriz 84 A
17%
2021 - 2022 Espagne BryanGil 17 A
17%
2014 - 2015 Espagne CarlesGil 11 M
17%
2015 - 2016 Brésil DaniloBarbosa 34 M
17%
2001 - 20072009 - 2011 Espagne DavidNavarro 145 D
17%
2016 - 2018 Chili FabiánOrellana 17 A
17%
2007 - 2012 Pays - Bas HedwigesMaduro 113 M
17%
2013 - 2014 Portugal HélderPostiga 23 A
17%
2016 - 2017 Espagne JaviJiménez 2 D
17%
2012 - 2013 Espagne JonathanViera 27 M
17%
2019 - 2022 Espagne ManuVallejo 56 A
17%
2021 - 2024 Brésil MarcosAndré 54 A
17%
2010 - 2012 Turquie MehmetTopal 59 M
17%
2018 - 2019 Belgique MichyBatshuayi 23 A
17%
2005 - 2012 Portugal Miguel 238 D
17%
2016 - 2018 Espagne NachoGil 12 A
17%
2012 - 2013 Paraguay NelsonValdez 40 A
17%
2017 - 2018 Serbie NemanjaMaksimovic 21 M
17%
2023 - 2024 Espagne PabloGozalbez 8 M
17%
2021 - Espagne RubénIranzo 8 D
17%
2013 - 2014 Mali SeydouKeita 18 M
17%
2018 - 20192020 - 2022 Serbie UrosRacic 69 M
17%
2000 - 2011 Espagne Vicente 338 A
17%
2023 - 2025 Espagne YarekGasiorowski 35 D
17%
2015 - 2017 Belgique ZakariaBakkali 40 A
17%
2009 - 2011 Argentine AlejandroDomínguez 30 M
11%
2018 - 20192020 - 2021 Espagne ÁlexBlanco 18 A
11%
2016 - 2017 Espagne ÁlvaroMedrán 21 M
11%
2009 - 2012 Espagne ÁngelDealbert 69 D
11%
2011 - 2016 Espagne AntonioBarragán 151 D
11%
2009 - 2012 Espagne BrunoSaltor 80 D
11%
2020 - 2021 Uruguay ChristianOliva 9 M
11%
2020 - 20212023 - 2024 Espagne CristianRivero 5 G
11%
2023 - Espagne DavidOtorbi 3 A
11%
2013 - 2014 Colombie DorlanPabón 18 A
11%
2018 - 2019 Argentine FacundoRoncaglia 11 D
11%
2013 - 20142016 - 2017 Argentine FedeCartabia 46 A
11%
2020 - 2021 Portugal Ferro 3 D
11%
2024 - 2025 Espagne GermanValera 12 A
11%
2015 - 2017 Brésil GuilhermeSiqueira 26 D
11%
2022 - 2023 Espagne IagoHerrerin 1 G
11%
2024 - 2025 Espagne IkerCordoba 4 D
11%
2020 - 2022 Espagne Jason 27 A
11%
2013 - 2016 Espagne JaviFuego 117 M
11%
2006 - 2011 Espagne Joaquín 218 A
11%
2020 - 2022 France KobaKoindredi 19 M
11%
2014 - 2016 Argentine LucasOrbán 38 D
11%
2021 - Espagne MarioDominguez 5 A
11%
2010 - 2011 Lituanie MariusStankevicius 25 D
11%
2024 - 2025 Espagne MartinTejon 7 M
11%
2013 - 2014 Espagne MíchelHerrero 20 M
11%
2017 - 2018 Espagne NachoVidal 9 D
11%
2013 - 2014 Espagne OriolRomeu 18 M
11%
2020 - 2021 Italie PatrickCutrone 7 A
11%
2013 - 2014 Suisse PhilippeSenderos 11 D
11%
2024 - 2025 Espagne RoAbajas 1 D
11%
2018 - 2021 Espagne RubénSobrino 35 A
11%
2013 - 20162017 - 2019 Portugal RúbenVezo 84 D
11%
2015 - 2017 Espagne Sito 2 A
11%
2016 - 20192020 - 2023 Espagne ToniLato 104 D
11%
2014 - 2016 Espagne Tropi 3 M
11%
2019 - 2021 Espagne VicenteEsquerdo 11 M
11%
2013 - 20142016 - 2017 Brésil ViníciusAraújo 7 A
11%
2024 - 2025 CostaRica WarrenMadrigal 1 A
11%
2015 - 2016 RépubliqueCentrafricaine WilfriedZahibo 7 M
11%
2023 - 2024 Ghana AliFadal 1 M
6%
2014 - 2015 Argentine BrunoZuculini 1 M
6%
2014 - 2015 Brésil FilipeAugusto 8 M
6%
2024 - 2025 Espagne IsmaelSantana 1 A
6%
2024 - 2025 Espagne IvanJaime 11 M
6%
2023 - 2024 Espagne PeterFederico 15 A
6%
2021 - 2023 Espagne YelluSantiago 3 M
6%
2019 - 2020 Espagne AdriánGuerrero 2 M
0%
2012 - 2013 Espagne CarlosDelgado 1 D
0%
2015 - 2016 Espagne FranVillalba 4 M
0%
2020 - 2021 Espagne GuillemMolina 5 D
0%
2015 - 2016 GuinéeÉquatoriale IbanSalvador 1 A
0%
2015 - 2016 Mali IbrahimDiallo 4 D
0%
2010 - 2011 Espagne IvánRubio 1 M
0%
2020 - 2021 Argentine KevinSibille 1 D
0%
2023 - 2025 Espagne MarcoCamus 1 A
0%
2013 - 2014 Espagne Portu 2 A
0%
Aucun quiz correspondant
Distribution des résultats
% des personnes avec chaque résultat
Percentile par nombre de réponses
Votre historique - résultats
Vous n’avez pas pris ce quiz depuis la dernière actualisation